Statistics for UEFA Nations League Division C & D

Click here to take the quiz!

General Stats

  • This quiz has been taken 42 times
  • The average score is 27 of 31

Answer Stats

AnswerPointsStatus% Correct
Group D2Belarus14Promoted to Div. C
97%
Group C2Finland12Promoted to Div. B
97%
Group D3Kosovo14Promoted to Div. C
97%
Group D4Liechtenstein4
97%
Group C4Lithuania0Relegated to Div. D
97%
Group D1Latvia4
94%
Group D2San Marino0
94%
Group D1Andorra4
91%
Group D4Armenia10
91%
Group C3Cyprus5Relegated to Div. D
91%
Group D4Macedonia15Promoted to Div. C
91%
Group C4Montenegro7
91%
Group C4Serbia14Promoted to Div. B
91%
Group C3Slovenia3Relegated to Div. D
91%
Group C2Estonia4Relegated to Div. D
88%
Group D2Luxembourg10
88%
Group C3Norway13Promoted to Div. B
88%
Group C1Albania3
84%
Group D3Azerbaijan9
84%
Group D1Georgia16Promoted to Div. C
84%
Group C2Hungary10
84%
Group C1Israel6
84%
Group C3Bulgaria11
81%
Group D3Malta3
81%
Group D2Moldova9
81%
Group C4Romania12
81%
Group C1Scotland9Promoted to Div. B
81%
Group D3Faroe Islands5
78%
Group D4Gibraltar6
75%
Group C2Greece9
75%
Group D1Kazakhstan6
75%

Score Distribution

Percentile by Number Answered

Percent of People with Each Score

Your Score History

You have not taken this quiz